[Event "2nd Summer Festival Belgrade GM 2019"]
[Site "Belgrade"]
[Date "2019.06.26"]
[Round "4.2"]
[White "Damljanovic, Branko"]
[Black "Salimova, Nurgyul"]
[Result "0-1"]
[WhiteElo "2468"]
[BlackElo "2416"]
[Annotator "TA"]
[PlyCount "170"]
[EventDate "2019.06.26"]
[EventType "tourn"]
[EventCountry "SRB"]
[SourceTitle "playchess.com"]
[Source "ChessBase"]
[SourceQuality "1"]

{[%evp 22,170,45,39,53,56,64,31,35,31,41,41,87,79,69,64,89,83,68,56,113,66,75,48,100,93,110,107,164,158,152,187,187,167,149,102,155,150,147,149,134,141,168,165,169,130,145,99,126,68,172,94,293,4,0,0,0,0,0,0,119,56,172,27,134,29,71,8,71,71,71,71,71,8,10,0,23,8,12,12,39,39,39,0,0,0,0,0,0,0,0,0,0,0,39,0,0,0,0,0,0,0,0,0,0,0,0,0,0,0,0,0,0,0,0,0,0,0,0,0,0,0,0,0,0,0,0,0,0,0,0,0,0,0,0,0,0,0,0,0,0,0,0,0,0,0,0,0,0,-29981,-29982]} 1. Nf3 d5 2. c4 e6 3. b3 Nf6 4. g3 Be7 5. Bg2 O-O 6. O-O a5 7. Nc3 c6 8. Bb2 Nbd7 9. d4 b6 10. Nd2 Ba6 11. e4 Rc8 12. Re1 Bb7 {E07: Closed Catalan: Main Line (5 Nf3 0-0 6 0-0 Nbd7)} (12... dxe4 13. Ndxe4 b5 14. d5 cxd5 15. cxd5 exd5 16. Nxd5 Nxd5 17. Qxd5 Rc2 18. Qd4 Nf6 19. Rec1 Qxd4 20. Bxd4 Rxc1+ 21. Rxc1 Nxe4 22. Bxe4 {1-0 (59) Predojevic,B (2617)-Saric,I (2637) Sarajevo 2011}) 13. e5 $146 ({Predecessor:} 13. exd5 cxd5 14. Rc1 Bb4 15. Nb5 Ba6 16. a3 Bxd2 17. Qxd2 a4 18. bxa4 dxc4 19. Bf1 Nd5 20. Bxc4 {½-½ (46) Beltran Rueda,S (2404)-Ryan,J (2292) Barcelona 2010}) 13... Ne8 14. cxd5 cxd5 {White is slightly better.} 15. Bf1 Nc7 16. a3 f6 17. exf6 Bxf6 18. Nf3 Qe8 19. Nb5 Nxb5 20. Bxb5 Bc6 ({Black should try} 20... Qf7 $14) 21. Bd3 Qf7 22. b4 Kh8 ({Black should play} 22... Be7 $14 23. Re3 Bg5 24. Bxh7+ Kh8) 23. Qd2 Qh5 24. Re3 g5 (24... Ba4 $16) 25. Rc1 ({Don't do} 25. bxa5 $6 g4 $14) 25... Bb7 26. Rxc8 Bxc8 27. Ne1 axb4 28. axb4 Qf7 (28... Bg7 $142) 29. Qe2 Bd8 30. b5 Nf6 31. Ba3 Re8 32. Bd6 Bc7 33. Be5 Bxe5 34. dxe5 Ne4 35. Nf3 (35. Rf3 $16 Qd7 36. Nc2 (36. Bxe4 dxe4 37. Rf6 Rg8 $16)) 35... Bb7 (35... Qg7 $14) 36. Nd4 (36. Bxe4 $18 dxe4 37. Nxg5 {[%mdl 64] Double Attack}) 36... Qc7 $2 {[#]} (36... Ra8 $16) 37. Bxe4 $2 (37. Qh5 $1 $18 {[%cal Rh5e8][%mdl 512]} Rg8 38. Rf3) 37... dxe4 $11 38. Qh5 Rg8 39. Nc6 Bxc6 40. bxc6 Qxe5 {[%mdl 4096] Endgame KQR-KQR} (40... Qxc6 $11 {keeps the balance.} 41. h4 Qc5) 41. Qf7 (41. Qe2 $16) 41... Rg7 (41... Qf5 $14 42. Qa7 Rf8) 42. Qe8+ Rg8 {[#]} 43. Qd7 (43. Qe7 $1 $16) 43... Qd5 {[#]} 44. Qb7 (44. Qa7 $1 $16) 44... Rf8 (44... b5 $1 $11) 45. Qxb6 $16 Qd1+ 46. Kg2 Qc2 47. Qd4+ (47. Re1 $16) 47... Kg8 $11 48. Rxe4 Qxc6 (48... Rxf2+ $5 49. Qxf2 Qxe4+ 50. Qf3 Qc4 $11) 49. Qe3 Rf5 50. f3 Kf7 51. Qa7+ Kg6 52. Qe7 Qc2+ 53. Kh3 Rf6 {...Qd3 is the strong threat.} 54. Qe8+ Kg7 {Hoping for ...Qd3.} 55. Qd7+ Kg6 56. Qe8+ Kg7 {Threatens to win with ...Qd3.} 57. Re5 Qg6 58. Qxg6+ (58. Qd7+ {is more complex.} Rf7 59. Qc6 Qf6 60. Qe4 Qxf3 61. Rxg5+ Kh8 62. Qxe6 h6 63. Ra5) 58... Kxg6 $14 {KR-KR} 59. Kg2 h6 60. Kf2 Kf7 61. Ke3 Ke7 62. h4 gxh4 63. g4 Kf7 64. Rh5 Kg6 65. Rxh4 Rf8 66. Ke4 Ra8 67. Ke5 Ra3 68. Rh3 Re3+ 69. Kf4 Ra3 70. Rh5 Ra4+ 71. Kg3 Rb4 72. Ra5 Rc4 73. Ra6 Kf7 74. Kh4 Rf4 75. Kh5 Rf6 76. Ra7+ (76. Ra3 {looks sharper.} Kg7 77. Kh4 Kg6 78. Re3 e5 79. Ra3) 76... Kg8 77. Ra4 Rxf3 78. Kg6 Rf8 79. Re4 Rf7 80. Kxh6 Rf6+ 81. Kh5 Kf7 82. Ra4 Kg7 83. Ra6 Rh6+ 84. Kg5 {Ra7+ would kill now.} Rg6+ 85. Kf4 $2 {[%mdl 8192] [#]} (85. Kh4 $11) 85... e5+ $1 {[%mdl 576] Discovered Attack. Accuracy: White = 50%, Black = 63%.} 0-1

[Event "2nd Summer Festival Belgrade GM 2019"]
[Site "Belgrade"]
[Date "2019.06.26"]
[Round "4.3"]
[White "Strikovic, Aleksa"]
[Black "Lee, Jun Hyeok"]
[Result "1/2-1/2"]
[WhiteElo "2503"]
[BlackElo "2386"]
[Annotator "TA"]
[PlyCount "58"]
[EventDate "2019.06.26"]
[EventType "tourn"]
[EventCountry "SRB"]
[SourceTitle "playchess.com"]
[Source "ChessBase"]
[SourceQuality "1"]

{[%evp 9,58,8,46,47,63,59,63,57,48,54,52,53,78,69,62,62,63,63,62,66,103,76,68,76,79,78,95,90,87,69,66,25,42,14,18,6,6,6,9,11,11,-35,-31,-24,-23,-30,-7,-2,-7,-21,-24]} 1. c4 f5 2. Nf3 Nf6 3. g3 e6 4. Bg2 d5 5. b3 Nc6 6. Bb2 {A10: English Opening: Unusual Replies for Black} a5 $146 ({Predecessor:} 6... Be7 7. O-O O-O 8. e3 a5 9. Nc3 Ne4 10. Nb5 a4 11. d3 Nc5 12. cxd5 exd5 13. Bc3 axb3 14. axb3 Rxa1 15. Qxa1 {0-1 (75) Agrest,E (2682)-Karlsson,L (2550) Sweden 2005}) 7. O-O Be7 8. Nc3 {White is slightly better.} O-O 9. d4 Ne4 10. e3 Bd7 11. cxd5 Nxc3 12. Bxc3 exd5 13. Ne1 Be6 14. Nd3 Nb8 {[%cal Bc6b8,Bb8d7,Bd7f6,Bf6e8,Be8d6][%mdl 32]} 15. Qd2 c6 16. b4 axb4 17. Bxb4 Nd7 18. Rfb1 Ra7 19. Rb2 Nf6 20. Rab1 Bc8 21. f3 Ne8 22. Bxe7 Qxe7 23. Ne5 Nd6 24. Qb4 Be6 25. a3 Rfa8 26. Rb3 Ra4 27. Qc5 {[#] Hoping for Rxb7!} R4a5 28. Qc1 Bc8 29. Bf1 Nf7 {Accuracy: White = 57%, Black = 62%.} 1/2-1/2

[Event "2nd Summer Festival Belgrade GM 2019"]
[Site "Belgrade"]
[Date "2019.06.26"]
[Round "4.4"]
[White "Nandhidhaa, P V"]
[Black "Abramovic, Bosko"]
[Result "0-1"]
[WhiteElo "2259"]
[BlackElo "2353"]
[Annotator "NA"]
[PlyCount "114"]
[EventDate "2019.06.26"]
[EventType "tourn"]
[EventCountry "SRB"]
[SourceTitle "playchess.com"]
[Source "ChessBase"]
[SourceQuality "1"]
[TimeControl "5400+30"]

1. e4 {[%emt 0:02:11]} c5 {[%emt 0:00:24]} 2. Nf3 {[%emt 0:00:10]} d6 {[%emt 0:00:08]} 3. d4 {[%emt 0:00:04]} cxd4 {[%emt 0:00:08]} 4. Nxd4 {[%emt 0:00:05]} Nf6 {[%emt 0:00:03]} 5. Nc3 {[%emt 0:00:13]} a6 {[%emt 0:00:06]} 6. Nb3 {[%emt 0:00:39]} Nbd7 {[%emt 0:02:22]} 7. g4 {[%emt 0:01:29]} h6 {[%emt 0:01:52]} 8. Bg2 {[%emt 0:04:05]} Ne5 {[%emt 0:03:27]} 9. h3 {[%emt 0:00:40]} g5 {[%emt 0:00:08]} 10. Qe2 {[%emt 0:05:38]} e6 {[%emt 0:04:19]} 11. Be3 {[%emt 0:04:04]} b5 {[%emt 0:00:27]} 12. O-O-O {[%emt 0:00:25]} Bd7 {[%emt 0:00:30]} 13. f4 {[%emt 0:13:25]} gxf4 {[%emt 0:00:23]} 14. Bxf4 {[%emt 0:00:05]} Rc8 {[%emt 0:02:45]} 15. Qf2 {[%emt 0:08:54]} Be7 {[%emt 0:00:06]} 16. Kb1 {[%emt 0:55:53]} Qc7 {[%emt 0:02:02]} 17. Rc1 {[%emt 0:00:00]} Nc4 {[%emt 0:04:06]} 18. Rhf1 {[%emt 0:00:00]} b4 {[%emt 0:01:08]} 19. Ne2 {[%emt 0:00:00]} e5 {[%emt 0:00:13]} 20. g5 {[%emt 0:00:00]} Nh5 {[%emt 0:07:02]} 21. Bg3 {[%emt 0:00:00]} Be6 {[%emt 0:00:20]} 22. gxh6 {[%emt 0:00:00]} a5 {[%emt 0:02:49]} 23. Bf3 {[%emt 0:00:00]} Rxh6 {[%emt 0:03:27]} 24. Bh4 {[%emt 0:00:00]} a4 {[%emt 0:00:51]} 25. Bxe7 {[%emt 0:00:00]} Qxe7 {[%emt 0:11:03]} 26. Bxh5 {[%emt 0:00:00]} Rxh5 {[%emt 0:01:30]} 27. Ng3 {[%emt 0:00:00]} Rxh3 {[%emt 0:03:50]} 28. Nf5 {[%emt 0:00:00]} Bxf5 {[%emt 0:00:38]} 29. exf5 {[%emt 0:00:00]} Qb7 {[%emt 0:17:37]} 30. Nd2 {[%emt 0:00:00]} Na3+ {[%emt 0:06:57]} 31. bxa3 {[%emt 0:00:00]} bxa3+ {[%emt 0:00:09]} 32. Nb3 {[%emt 0:00:00]} Qb4 {[%emt 0:02:29]} 33. Qg2 {[%emt 0:00:00]} Qc3 {[%emt 0:00:36]} 34. Qg8+ {[%emt 0:00:00]} Kd7 {[%emt 0:00:06]} 35. Qxf7+ {[%emt 0:00:00]} Kc6 {[%emt 0:00:03]} 36. Qc4+ {[%emt 0:00:28]} Qxc4 {[%emt 0:00:13]} 37. Na5+ {[%emt 0:00:01]} Kc5 {[%emt 0:00:08]} 38. Nxc4 {[%emt 0:00:04]} Rb8+ {[%emt 0:00:39]} 39. Ka1 {[%emt 0:10:57]} Kxc4 {[%emt 0:00:08]} 40. f6 {[%emt 0:00:00]} Rf8 {[%emt 0:01:21]} 41. Rce1 {[%emt 0:00:00]} Kd5 {[%emt 0:00:38]} 42. c4+ {[%emt 0:00:00]} Ke6 {[%emt 0:00:18]} 43. Rd1 {[%emt 0:00:00]} Rc3 {[%emt 0:00:48]} 44. Kb1 {[%emt 0:00:00]} Rxc4 {[%emt 0:01:53]} 45. Rd3 {[%emt 0:00:00]} e4 {[%emt 0:00:22]} 46. Rxa3 {[%emt 0:00:00]} Rxf6 {[%emt 0:00:09]} 47. Rc1 {[%emt 0:00:00]} Rxc1+ {[%emt 0:00:18]} 48. Kxc1 {[%emt 0:00:00]} d5 {[%emt 0:00:09]} 49. Rxa4 {[%emt 0:00:00]} Ke5 {[%emt 0:00:06]} 50. Ra5 {[%emt 0:00:00]} Rf2 {[%emt 0:00:13]} 51. a4 {[%emt 0:00:00]} e3 {[%emt 0:00:12]} 52. Kd1 {[%emt 0:00:00]} Ra2 {[%emt 0:00:08]} 53. Ra8 {[%emt 0:00:00]} Ke4 {[%emt 0:00:10]} 54. Rb8 {[%emt 0:00:16]} Rxa4 {[%emt 0:00:15]} 55. Rb3 {[%emt 0:00:07]} Ra2 {[%emt 0:00:19]} 56. Ke1 {[%emt 0:00:09]} d4 {[%emt 0:00:10]} 57. Rb8 {[%emt 0:00:19]} Ra1+ {[%emt 0:00:13]} 0-1

[Event "2nd Summer Festival Belgrade GM 2019"]
[Site "Belgrade"]
[Date "2019.06.26"]
[Round "4.5"]
[White "Chen, Peng"]
[Black "Batsuren, Dambasuren"]
[Result "1/2-1/2"]
[WhiteElo "2328"]
[BlackElo "2439"]
[Annotator "TA"]
[PlyCount "186"]
[EventDate "2019.06.26"]
[EventType "tourn"]
[EventCountry "SRB"]
[SourceTitle "playchess.com"]
[Source "ChessBase"]
[SourceQuality "1"]

{[%evp 10,186,18,13,16,10,30,22,18,14,52,59,68,61,65,66,108,115,112,102,116,102,116,109,112,98,100,106,114,100,96,104,104,102,131,120,114,102,120,104,102,101,116,105,115,125,119,111,131,99,125,102,91,85,128,78,77,70,71,70,72,54,58,41,58,60,80,50,44,0,0,0,0,-28,-29,-29,17,17,17,17,40,18,18,0,0,0,64,64,64,64,64,63,63,63,64,63,63,63,63,63,63,63,63,63,63,0,0,0,0,0,0,0,0,0,0,0,0,0,0,0,0,0,0,0,0,0,0,0,0,0,0,0,0,0,0,0,0,0,0,0,0,0,0,0,0,0,0,0,0,0,17,17,17,0,0,0,0,0,0,0,0,0,0,0,0,0,0,0,0,0,0,0,0,0,0,0,0,0,0]} 1. c4 Nf6 2. Nc3 e6 3. e4 d5 4. cxd5 exd5 5. e5 Ne4 6. Nf3 Bf5 {A18: English Opening: Flohr-Mikenas System (1 c4 Nf6 2 Nc3 e6 3 e4)} 7. Be2 Be7 (7... d4 {feels hotter.} 8. Nxe4 Bxe4 9. Bc4 Bd5 10. Qb3 Bxc4 11. Qxc4 Nc6) 8. O-O O-O 9. Qb3 Nxc3 $146 (9... d4 {is more complex.} 10. Qxb7 dxc3 11. Qxa8 cxd2 12. Rd1 Bc5) ({Predecessor:} 9... Nc6 10. Nxd5 Bc5 11. Ne3 Bg6 12. Qxb7 Nd4 13. Nxd4 Bxd4 14. d3 {1-0 (31) So,W (2822)-Onischuk,A (2667) Saint Louis 2017}) 10. dxc3 b6 11. Rd1 c6 12. c4 {[%cal Rc4d5]} Be6 13. Nd4 Bc5 14. Qg3 Bxd4 15. Rxd4 f6 16. cxd5 cxd5 17. exf6 Qxf6 18. Rf4 Qe7 19. Rxf8+ Qxf8 20. Be3 Nd7 21. Bd4 Rc8 22. Ba6 Re8 23. Bb5 Rc8 24. Re1 Nc5 25. f3 Bf7 26. Qg4 h5 27. Qf5 {And now b4 would win.} a6 28. Bf1 {[#] Strongly threatening b4.} Rc6 29. Rd1 a5 30. Re1 Ne6 31. Bf2 (31. Qxd5 $2 Rd6 $19) 31... Nc5 32. Bh4 d4 33. Bb5 Re6 34. Rd1 Rd6 35. b3 Rd5 36. Qb1 d3 37. Bf2 (37. Bxd3 $2 Rxd3 38. Rxd3 Bg6 $19) 37... Rd8 38. Kf1 ({Much worse is} 38. Bxd3 Rxd3 39. Rxd3 Bg6 $11) 38... Bg6 39. a3 {White wants to play b4.} Kh7 40. b4 axb4 41. axb4 Ne6 $1 42. Bxb6 ({But not} 42. Bxd3 $2 Rxd3 43. Rxd3 Nf4 $19) ({Avoid the trap} 42. Rxd3 $2 Qf5 $19) 42... Rd6 (42... Qf5 $5 {[%cal Rf5b5]} 43. Bc4 Rd6 $11) 43. Bc5 Nxc5 44. bxc5 Rd5 45. Bc4 Rd4 46. Bxd3 Rxd3 47. Rxd3 {[#] Threatens to win with Qb5.} Qxc5 (47... Qf5 $1 $11) 48. Qb3 $14 {Hoping for Rd8.} Bxd3+ 49. Qxd3+ {[%mdl 4096] Endgame KQ-KQ} g6 50. Qd7+ Kh6 51. Qd2+ Kh7 52. g3 Qc6 53. Kg2 Qb7 54. Qe2 Qd7 55. h4 Qd6 56. Kh3 Qd7+ 57. g4 (57. Kh2 $1 $14) 57... hxg4+ $11 {The position is equal.} 58. fxg4 Qb7 59. Qe3 (59. g5 {looks sharper.} Qd7+ 60. Kh2 Qd6+ 61. Kg2 Qd5+ 62. Kf2) 59... Kg7 60. Qc3+ Kh7 61. Qe3 Kg7 62. Kg3 Qc7+ 63. Qf4 Qc3+ 64. Qf3 Qc7+ 65. Kh3 Qd7 66. Qe4 Qc7 67. Qd4+ Kh7 68. Qe3 Qb7 69. Qf2 Qb3+ 70. Qg3 (70. Kg2 {keeps more tension.} Qd5+ 71. Kh2 Qd6+ 72. Qg3 Qe7 73. Kh1) 70... Qb7 71. Qe3 (71. g5 {seems wilder.} Qh1+ 72. Kg4 Qe4+ 73. Kh3 Qh1+) 71... Kg7 72. Qc3+ Kh7 73. Kg3 Qb8+ 74. Kg2 Qb7+ 75. Qf3 Qd7 76. Qe4 Qd2+ 77. Kg3 Qc3+ 78. Qf3 (78. Kf2 {with more complications.} Qf6+ 79. Kg3 Qc3+) 78... Qc7+ 79. Kh3 (79. Kf2 {is interesting.} Qh2+ 80. Kf1 Qxh4 81. Qf7+ Kh6 82. Qf4+) 79... Qd7 80. Qe4 Kg7 81. h5 gxh5 82. Qe5+ Kg8 83. Qg5+ Kf8 84. Qf6+ Kg8 85. Qg6+ Kf8 86. Qxh5 Qd3+ 87. Kh4 Qd8+ 88. Kg3 {Qh8+ is the strong threat.} Qd3+ 89. Kf4 Qd4+ 90. Kf5 {Black must now prevent Qh6+.} (90. Kg5 $5 {[%cal Rh5h6]}) 90... Qd5+ 91. Kg6 Qe6+ 92. Kg5 {Qh6+ would kill now.} Kg7 {[%csl Gg7][%cal Re6f6]} 93. Kh4 Qe4 {Accuracy: White = 55%, Black = 76%.} 1/2-1/2

[Event "2nd Summer Festival Belgrade GM 2019"]
[Site "Belgrade"]
[Date "2019.06.26"]
[Round "4.6"]
[White "Ernst, Sipke"]
[Black "Liu, Zhaoqi"]
[Result "1/2-1/2"]
[WhiteElo "2541"]
[BlackElo "2386"]
[Annotator "ChessBase"]
[PlyCount "20"]
[EventDate "2019.06.26"]
[EventType "tourn"]
[EventCountry "SRB"]
[SourceTitle "playchess.com"]
[Source "ChessBase"]
[SourceQuality "1"]
[TimeControl "5400+30"]

1. Nf3 {[%emt 0:00:32]} Nf6 {[%emt 0:00:00]} 2. c4 {[%emt 0:00:07]} c5 {[%emt 0:00:00]} 3. b3 {[%emt 0:00:03]} d5 {[%emt 0:00:00]} 4. cxd5 {[%emt 0:01:32]} Nxd5 {[%emt 0:00:00]} 5. Bb2 {[%emt 0:00:33]} Nc6 {[%emt 0:00:00]} 6. e3 {[%emt 0:08:16]} Ndb4 {[%emt 0:00:28]} 7. d3 {[%emt 0:03:39]} Bf5 {[%emt 0:00:31]} 8. e4 {[%emt 0:00:04]} Bg4 {[%emt 0:00:04]} 9. a3 {[%emt 0:00:18]} Bxf3 {[%emt 0:00:05]} 10. gxf3 {[%emt 0:00:03]} Na6 {[%emt 1:33:52]} 1/2-1/2

[Event "2nd Summer Festival Belgrade GM 2019"]
[Site "Belgrade"]
[Date "2019.06.27"]
[Round "5.1"]
[White "Liu, Zhaoqi"]
[Black "Yu, Jennifer"]
[Result "0-1"]
[WhiteElo "2386"]
[BlackElo "2369"]
[Annotator "TA"]
[PlyCount "136"]
[EventDate "2019.06.26"]
[EventType "tourn"]
[EventCountry "SRB"]
[SourceTitle "playchess.com"]
[Source "ChessBase"]
[SourceQuality "1"]

{[%evp 11,136,0,0,0,0,0,0,0,-3,-18,0,0,-8,-9,0,-8,0,-11,-1,-4,2,-42,-38,-50,-35,-37,-37,-133,-125,-111,-115,-168,-162,-162,-145,-164,-180,-160,-125,-104,-51,-51,-51,-51,-51,-51,-51,-54,-50,-54,-52,-58,-55,-55,-62,-67,-67,-118,-16,-139,-139,-139,-139,-163,-163,-158,-148,-184,-183,-424,-389,-644,-608,-587,-560,-485,-485,-29977,-29978,-29978,-29978,-29980,-29978,-29978,-29976,-29976,-29971,-29973,-29974,-29974,-29975,-29975,-29976,-29976,-29970,-29970,-29969,-29969,-29969,-29969,-29960,-29973,-29974,-29973,-29975,-29975,-29976,-29978,-29979,-29979,-29980,-29979,-29980,-29981,-29982,-29983,-29980,-29982,-29983,-29983,-29984,-29984,-29985,-29985,-29986,-29992,-29993]} 1. c4 e5 2. Nc3 Nc6 3. g3 g6 4. Nf3 Bg7 5. Bg2 Nge7 6. d3 d6 7. h4 {A26: English Opening vs King's Indian with ...Nc6 and d3} (7. Rb1 a6 8. e4 b5 9. b3 O-O 10. h4 Bg4 11. Ne2 h5 12. Nh2 Be6 13. Nf1 Qd7 14. Ne3 Rab8 15. Nd5 {0-1 (40) Mamedov,R (2667)-Rapport,R (2739) Hengshui 2019}) 7... h6 8. Bd2 Be6 9. Rb1 $146 {The position is equal.} ({Predecessor:} 9. e4 O-O 10. Qc1 Kh7 11. Nd5 Bxd5 12. cxd5 Nd4 13. Nxd4 exd4 14. f4 f5 {0-1 (33) Deutsch,L (2220)-Boronyak,A (2295) Zalaegerszeg 1993}) 9... a5 10. a3 Qd7 11. b4 axb4 12. axb4 f5 13. b5 Nd8 14. Qc1 Nf7 15. e4 c6 16. h5 g5 17. exf5 Bxf5 18. Ne4 O-O 19. Nfxg5 ({White should try} 19. bxc6 $15 bxc6 20. Be3) 19... Nxg5 20. Bxg5 Bxe4 21. Bxe4 (21. dxe4 $17 {is a better defense.} hxg5 22. Qxg5) 21... hxg5 $19 22. Qxg5 {[#]} Kh8 $1 23. bxc6 bxc6 24. O-O Qe6 25. Rb7 Qf6 ({Better is} 25... Rf6 $17 26. Rfb1 Bh6) 26. Qxf6 $15 Bxf6 27. Rfb1 d5 28. cxd5 cxd5 29. Bg2 Ra3 30. R7b3 Rxb3 31. Rxb3 Kg7 32. Rb5 d4 33. Be4 Kh6 34. Kg2 (34. Bf3 $15) 34... Bg7 (34... Kxh5 $17 {And now ...Nc8 would win.} 35. f4 Kg4) 35. Rb6+ (35. f4 $11 {keeps the balance.}) 35... Kxh5 $17 36. Re6 Bf6 37. Kf3 Kg5 38. Ke2 Ng8 39. Bh7 {[#]} Nh6 $1 40. f3 $2 (40. Be4) 40... Nf5 $19 41. Kf2 $2 (41. f4+ exf4 42. gxf4+ Kxf4 43. Bg6) 41... Rh8 42. f4+ exf4 43. gxf4+ Kxf4 44. Bxf5 (44. Rxf6 $19 Rxh7 45. Ke2) 44... Kxf5 {[%mdl 4096] Endgame KRB-KR. Black mates.} 45. Re4 Rh2+ 46. Ke1 Be5 47. Kd1 Ke6 48. Rg4 Bf6 49. Rg8 Bh4 50. Re8+ Kf5 51. Re4 Bf2 52. Kc2 Be3+ 53. Kb3 Rd2 54. Kc4 Rc2+ 55. Kd5 Rc3 56. Re8 Rxd3 57. Rf8+ Kg4 58. Ke4 Rd1 59. Rd8 Kg3 60. Rf8 Kg2 61. Rf7 Bf2 62. Rb7 Kf1 63. Rb2 Re1+ 64. Kd3 Re3+ 65. Kc4 Rc3+ 66. Kd5 d3 {[%cal Bd4d3,Bd3d2][%mdl 32]} 67. Ke4 Ke1 68. Kf3 d2+ 0-1

[Event "2nd Summer Festival Belgrade GM 2019"]
[Site "Belgrade"]
[Date "2019.06.27"]
[Round "5.2"]
[White "Batsuren, Dambasuren"]
[Black "Ernst, Sipke"]
[Result "1/2-1/2"]
[WhiteElo "2439"]
[BlackElo "2541"]
[Annotator "TA"]
[PlyCount "42"]
[EventDate "2019.06.26"]
[EventType "tourn"]
[EventCountry "SRB"]
[SourceTitle "playchess.com"]
[Source "ChessBase"]
[SourceQuality "1"]

{[%evp 21,42,11,15,16,19,16,17,17,17,16,18,19,22,0,37,33,33,33,37,36,41,40,31]} 1. d4 Nf6 2. c4 e6 3. Nc3 d5 4. cxd5 exd5 5. Bg5 c6 6. e3 Be7 7. Bd3 Nbd7 8. Qc2 h6 9. Bh4 Nh5 10. Bxe7 Qxe7 11. Nge2 Nb6 12. O-O {D36: Queen's Gambit Declined: Exchange Variation: Main line (5 Bg5 c6 6 Qc2)} O-O 13. Rfe1 (13. Rae1 Be6 14. Nc1 Rad8 15. Nb3 Rfe8 16. Nc5 Bc8 17. b4 Nc4 18. Qe2 Qg5 19. f4 Qh4 20. Bxc4 dxc4 {0-1 (37) Navara,D (2724)-Adams,M (2740) Biel 2015}) 13... Bg4 14. Rab1 $146 {The position is equal.} ({Predecessor:} 14. Nf4 Nxf4 15. exf4 Qb4 16. f5 f6 17. h3 Bh5 18. g4 Bf7 19. Ne2 Rfe8 {½-½ (64) Leniart,A (2329)-Barua,D (2491) Warsaw 2007}) 14... a5 15. a3 {[%cal Ba2a3,Ba3b4,Bb4b5][%mdl 32]} Rfe8 16. b4 axb4 17. axb4 Rad8 18. b5 {[#] Strongly threatening bxc6.White is slightly better.} c5 19. dxc5 Qxc5 20. Nd4 Rc8 21. Rec1 Nf6 1/2-1/2

[Event "2nd Summer Festival Belgrade GM 2019"]
[Site "Belgrade"]
[Date "2019.06.27"]
[Round "5.3"]
[White "Abramovic, Bosko"]
[Black "Chen, Peng"]
[Result "0-1"]
[WhiteElo "2353"]
[BlackElo "2328"]
[Annotator "RC"]
[PlyCount "84"]
[EventDate "2019.06.26"]
[EventType "tourn"]
[EventCountry "SRB"]
[SourceTitle "playchess.com"]
[Source "ChessBase"]
[SourceQuality "1"]
[TimeControl "5400+30"]

1. d4 {[%emt 0:04:28]} Nf6 {[%emt 0:00:00]} 2. Nf3 {[%emt 0:00:10]} c5 {[%emt 0:00:00]} 3. c3 {[%emt 0:01:22]} Qc7 {[%emt 0:00:03]} 4. g3 {[%emt 0:00:29]} d6 {[%emt 0:00:09]} 5. Bg2 {[%emt 0:00:09]} g6 {[%emt 0:00:38]} 6. O-O {[%emt 0:00:11]} Bg7 {[%emt 0:00:02]} 7. Re1 {[%emt 0:00:31]} Bf5 {[%emt 0:00:45]} 8. Nbd2 {[%emt 0:00:57]} cxd4 {[%emt 0:00:26]} 9. Nxd4 {[%emt 0:00:11]} Bd7 {[%emt 0:00:40]} 10. c4 {[%emt 0:01:23]} Nc6 {[%emt 0:01:41]} 11. Nb5 {[%emt 0:04:02]} Qc8 {[%emt 0:03:00]} 12. Nc3 {[%emt 0:00:48]} Bh3 {[%emt 0:00:40]} 13. b3 {[%emt 0:01:14]} h5 {[%emt 0:01:05]} 14. Bh1 {[%emt 0:02:10]} h4 {[%emt 0:04:39]} 15. Bb2 {[%emt 0:01:42]} Ne5 {[%emt 0:08:35]} 16. Nf3 {[%emt 0:04:38]} hxg3 {[%emt 0:06:31]} 17. hxg3 {[%emt 0:16:28]} Bf1 {[%emt 0:15:37]} 18. Ng5 {[%emt 0:02:24]} Qf5 {[%emt 0:05:40]} 19. Rxf1 {[%emt 0:05:26]} Qxg5 {[%emt 0:00:15]} 20. Bg2 {[%emt 0:00:44]} Nfg4 {[%emt 0:05:58]} 21. Qd5 {[%emt 0:12:55]} Qh5 {[%emt 0:16:26]} 22. Rfd1 {[%emt 0:07:55]} Qh2+ {[%emt 0:05:13]} 23. Kf1 {[%emt 0:00:01]} Nxf2 {[%emt 0:01:17]} 24. Qxb7 {[%emt 0:08:55]} O-O {[%emt 0:06:46]} 25. Kxf2 {[%emt 0:02:10]} Ng4+ {[%emt 0:00:08]} 26. Kf3 {[%emt 0:10:52]} Be5 {[%emt 0:00:08]} 27. Ne4 {[%emt 0:02:32]} f5 {[%emt 0:01:41]} 28. Qd5+ {[%emt 0:00:47]} Kg7 {[%emt 0:06:28]} 29. Bxe5+ {[%emt 0:01:46]} Nxe5+ {[%emt 0:00:09]} 30. Ke3 {[%emt 0:03:03]} Ng4+ {[%emt 0:03:02]} 31. Kd2 {[%emt 0:01:42]} Qh6+ {[%emt 0:01:32]} 32. Kc3 {[%emt 0:01:56]} fxe4 {[%emt 0:00:18]} 33. Qxe4 {[%emt 0:00:36]} Ne5 {[%emt 0:01:34]} 34. Rh1 {[%emt 0:01:02]} Qg5 {[%emt 0:00:06]} 35. Rh4 {[%emt 0:00:20]} Qxg3+ {[%emt 0:00:27]} 36. Bf3 {[%emt 0:00:21]} Rh8 {[%emt 0:01:09]} 37. Rg4 {[%emt 0:01:32]} Nxg4 {[%emt 0:01:40]} 38. Qxe7+ {[%emt 0:00:02]} Kg8 {[%emt 0:01:51]} 39. Rg1 {[%emt 0:00:21]} Qe5+ {[%emt 0:00:52]} 40. Qxe5 {[%emt 0:00:10]} Nxe5 {[%emt 0:00:15]} 41. Bxa8 {[%emt 0:00:15]} Kg7 {[%emt 0:00:22]} 42. Kd4 {[%emt 0:02:20]} Rxa8 {[%emt 0:03:12]} 0-1

[Event "2nd Summer Festival Belgrade GM 2019"]
[Site "Belgrade"]
[Date "2019.06.27"]
[Round "5.4"]
[White "Lee, Jun Hyeok"]
[Black "Nandhidhaa, P V"]
[Result "*"]
[WhiteElo "2386"]
[BlackElo "2259"]
[Annotator "TA"]
[PlyCount "32"]
[EventDate "2019.06.26"]
[EventType "tourn"]
[EventCountry "SRB"]
[SourceTitle "playchess.com"]
[Source "ChessBase"]
[SourceQuality "1"]

{[%evp 15,17,0,13,8]} 1. d4 Nf6 2. Bg5 g6 3. Nf3 d5 4. Nbd2 Bg7 5. c3 O-O 6. e3 b6 7. Be2 c5 8. O-O Bb7 9. b4 {D03: 1 d4 d5 2 Nf3 Nf6 3 Bg5, including Torre Attack with early ...d5} (9. Re1 Nc6 10. a4 Nd7 11. Qb1 Qc8 12. b4 e6 13. b5 Na5 14. Qa2 Re8 15. Rac1 a6 16. c4 axb5 17. cxb5 {0-1 (40) Nepomniachtchi,I (2757)-Grischuk,A (2766) chess.com INT 2018}) {Predecessor:} 9... c4 $146 10. Qc2 Nbd7 11. h3 Re8 12. Rfe1 b5 13. a4 a6 14. a5 Qc8 15. Rad1 Ne4 16. Bf4 f5 {½-½ (31) Jirovsky,M (2444)-Petr,M (2440) Czech Republic 2019} *